Enciclopedia de pedagogía : (Registro nro. 25733)
[ vista simple ]
| 000 -CABECERA | |
|---|---|
| Longitud fija campo de control | 00717nam a2200205 a 4500 |
| 003 - • IDENTIFICADOR DELl NÚMERO DE CONTROL | |
| Identificador del número de control | CO-ViMGA |
| 008 - • CÓDIGOS DE INFORMACIÓN DE LONGITUD FIJA | |
| Códigos de información de longitud fija | 141112s2004 ck r 000 u spa d |
| 020 ## - • NÚMERO INTERNACIONAL NORMALIZADO PARA LIBROS | |
| Número Internacional Normalizado para Libros (ISBN) | 8467001577 |
| 040 ## - FUENTE DE LA CATALOGACIÓN | |
| Centro catalogador de origen | CO-ViMGA |
| Lengua de catalogación | spa |
| Centro transcriptor | CO-ViMGA |
| 082 04 - • NÚMERO DE LA CLASIFICACIÓN DECIMAL DEWEY | |
| Número de clasificación (R) | R371.3 E524 - 3 |
| 100 1# - • PUNTO DE ACCESO PRINCIPAL-NOMBRE DE PERSONA | |
| Nombre de persona | Espasa Calpe s.a., |
| 245 10 - • TITULO PROPIAMENTE DICHO | |
| Título | Enciclopedia de pedagogía : |
| Resto del título | El diseño curricular |
| 300 ## - • DESCRIPCIÓN FÍSICA | |
| Extensión | 5 Vol. |
| 505 ## - • NOTA DE CONTENIDO CON FORMATO | |
| Nota de contenido con formato | Diseños curriculares y proyectos educativos Estrategias metodológicas Recursos didacticos y educación Evaluación y atención a la diversidad |
| 650 14 - • PUNTO DE ACCESO ADICIONAL DE MATERIA - TÉRMINO DE MATERIA | |
| Término de materia o nombre geográfico como elemento inicial | educación - ENCICLOPEDIAS |
| 650 14 - • PUNTO DE ACCESO ADICIONAL DE MATERIA - TÉRMINO DE MATERIA | |
| Término de materia o nombre geográfico como elemento inicial | PEDAGOGIA - ENCICLOPEDIAS |
| 942 ## - ENTRADA DE ELEMENTOS AGREGADOS (KOHA) | |
| Fuente de clasificaión o esquema | Dewey Decimal Classification |
| Koha [por defecto] tipo de item | LIbro |
| Perdido | Fuente de clasificación o esquema | Estado Físico | No para préstamo | Forma de adquisición | Localización permanente | Localización actual | Fecha adquisición | Serie de enumeración / cronolog&íacute;a | Préstamos totales | Signatura completa | Código de barras | Fecha última consulta | Número de copia | Fecha del precio de reemplazo | Tipo de item de Koha | Localización en estanterías | Fuente de adquisición | Número de registro |
|---|---|---|---|---|---|---|---|---|---|---|---|---|---|---|---|---|---|---|
| Dewey Decimal Classification | Colección General | Biblioteca Pública Cumaral - Alvaro Garzon Torres | Biblioteca Pública Cumaral - Alvaro Garzon Torres | 08/01/2024 | R370.3U53e | CUM 1406 | 08/01/2024 | Ej.1 | 08/01/2024 | LIbro | Literatura | |||||||
| Dewey Decimal Classification | Sala General Segundo Piso | Biblioteca Pública Germán Arciniegas - Villavicencio | Biblioteca Pública Germán Arciniegas - Villavicencio | 12/04/2015 | Volumen. 1 | 11/jun/2009 | R371.3 E524 - 3 | 15400 | 12/04/2015 | Ej. 1 | 12/04/2015 | LIbro | |||||||
| Clasificación Local (Facetada) | Colección General | Biblioteca Pública Puerto Concordia | Biblioteca Pública Puerto Concordia | 10/16/2025 | VOL.3 Ej. 1 | R371.3 E524 - 3 | 00030 | 10/16/2025 | Ej.1 | 10/16/2025 | Libro Referencia | Referencia | PNBL3 | 5733 |